Elements of gas turbine propulsion
This new text provides an introduction to the fundamentals of gas turbine engines and jet propulsion for aerospace or mechanical engineers. The book contains sufficient material for two sequential courses i propulsion (advanced fluid dynamics) an introductory course in jet propulsion and a gas turbi...
Đã lưu trong:
| 主要作者: | |
|---|---|
| 格式: | 圖書 |
| 語言: | Undetermined |
| 出版: |
New York
McGraw-Hill
1996
|
| 主題: | |
| 標簽: |
添加標簽
沒有標簽, 成為第一個標記此記錄!
|
| Thư viện lưu trữ: | Trung tâm Học liệu Trường Đại học Cần Thơ |
|---|
| LEADER | 01146nam a2200229Ia 4500 | ||
|---|---|---|---|
| 001 | CTU_35462 | ||
| 008 | 210402s9999 xx 000 0 und d | ||
| 020 | |b 389.000đ | ||
| 020 | |c 389000 | ||
| 082 | |a 629.134353 | ||
| 082 | |b M444 | ||
| 100 | |a Mattingly, Jack D. | ||
| 245 | 0 | |a Elements of gas turbine propulsion | |
| 245 | 0 | |c Jack D Mattingly | |
| 260 | |a New York | ||
| 260 | |b McGraw-Hill | ||
| 260 | |c 1996 | ||
| 520 | |a This new text provides an introduction to the fundamentals of gas turbine engines and jet propulsion for aerospace or mechanical engineers. The book contains sufficient material for two sequential courses i propulsion (advanced fluid dynamics) an introductory course in jet propulsion and a gas turbine engine components course. The text is divided into four parts introduction to aircraft propulsion; basic concepts and one-dimensional/gas dynamics; analysis and performance of air breathing propulsion systems; and analysis and design of gas turbine engine components. | ||
| 650 | |a Airplanes | ||
| 650 | |x Jet propulsion | ||
| 904 | |i Minh, Năm | ||
| 980 | |a Trung tâm Học liệu Trường Đại học Cần Thơ | ||